000 00468nam a2200169Ia 4500
999 _c28851
_d28851
003 OSt
005 20210108102245.0
008 190216s9999||||xx |||||||||||||| ||und||
040 _coclc
082 _a894.812301
_bVIJ/K
100 _aVijayan, P N
_96825
245 0 _aKathayanam /
_cP N Vijayan
260 _bMulberry Books,
_aCalicut:
_c1998.
300 _a90p
650 _aKathakal
942 _cBK
_2ddc
_h894.812301
_iVIJ/K
_k894.812301
_mVIJ/K